[Event "Skopje op 18th"]
[Site "Skopje"]
[Date "2002.01.16"]
[Round "2"]
[White "Rogozenco, Dorian"]
[Black "Dworakowska, Joanna"]
[Result "1/2-1/2"]
[WhiteElo "2530"]
[BlackElo "2441"]
[Annotator "Rogozenco,D"]
[PlyCount "86"]
[EventDate "2002.01.15"]
[EventType "swiss"]
[EventRounds "9"]
[EventCountry "MKD"]
[SourceTitle "CBM 088"]
[Source "ChessBase"]
[SourceDate "2002.03.21"]
[SourceVersion "1"]
[SourceVersionDate "2002.03.21"]
[SourceQuality "1"]

1. d4 f5 2. g3 Nf6 3. Bg2 g6 4. c4 d6 5. Nc3 Bg7 6. Nh3 e5 7. dxe5 dxe5 8.
Qxd8+ Kxd8 9. b3 {This natural move is a novelty. 9.Be3, 9.Bg5, 9.e4 and 9.Ng5
was played before.} (9. Ng5 {From the above-mentioned options, this is the
only one worth mentioning. White plans Ne6 and Bxb7 sometimes.} Ke7 10. b3 c6
11. Ba3+ Ke8 $14 {/=.}) 9... c6 10. Ba3 Be6 11. e4 h6 12. f4 {Logical, since
the main idea is to bring the knight from h3 into play. But the concrete
variations show that Black can equalize.} (12. O-O-O+ $142 Nbd7 13. Rhe1 (13.
exf5 $5 Bxf5 14. Rhe1) 13... fxe4 14. Ng1 $5 (14. Nxe4 Nxe4 15. Rxe4 Bf5 16.
Ree1 Kc7 17. Bd6+ Kb6) 14... Bf8 15. Bb2 $14) 12... Nxe4 $1 {Most precise.} 13.
O-O-O+ Nd7 14. Nxe4 fxe4 15. fxe5 Bxe5 16. Rde1 (16. Rhe1 Bg4 $1) 16... a5 $6 {
Gives White some chances again.} (16... Bxh3 $1 17. Bxh3 Nf6 18. Bg2 $11 (18.
Be6 Rh7 $1)) (16... Nf6 17. Nf2 $14) 17. Nf4 Bf7 18. Rxe4 (18. Bxe4 a4 19. Bb2
Bxb2+ 20. Kxb2 axb3 21. axb3 g5 $11) 18... a4 19. b4 (19. Rd1 {is tempting,
but after} axb3 20. Bh3 {Black has} Bd5 $1) 19... Kc7 20. Rd1 Rhe8 $1 21. b5 c5
$1 {Very precise defence. White doesn't have any advantage.} (21... Rad8 22.
bxc6 bxc6 23. Bb4 $1 $36) 22. Rde1 Bxf4+ 23. gxf4 Rxe4 24. Rxe4 Re8 25. Rxe8
Bxe8 26. Kc2 Bf7 27. Kc3 Kd6 $1 {I must pay credit to Joanna, who with very
little time left found the best way.} 28. Bc1 (28. Bxb7 Nb6 $11) 28... Nb6 29.
Bf1 Nc8 30. Bd3 (30. f5 {was the last chance to change the pawn structure, but
it is far from clear if it favours White after either} gxf5 ({or} 30... g5 31.
h4 gxh4 32. Bxh6 Ke5 33. Bg7+ Kf4) 31. Bxh6 Ke5) 30... Ke7 31. Be3 b6 32. Bf2
Nd6 {Black achieved her goal, there is absolutely no way for White to win this
position. Well, there is always a way to lose...} 33. Bh4+ Kd7 34. Bf6 $4 {
I decided to make quick several moves in a row, accumulating some extra
minutes. Immediately after I played it and saw that I can lose by force, I
blamed myself for the stupid stubbornness.} Nf5 $2 {No heart-attack this time.}
(34... Bxc4 $1 {It was the right time to punish White.} 35. Bxg6 (35. Bxc4 Ne4+
$19) 35... Bxa2 $19 36. Bd3 Bc4 $1) 35. Be5 {After what happened square f6 was
taboo for the remaining moves.} Ne3 36. Be2 Be6 37. Bg7 h5 38. Bd3 Bf7 39. Bh8
Kd6 40. Be5+ Kd7 41. Bb8 Kc8 42. Bd6 Kd8 43. a3 Kd7 1/2-1/2

[Event "GER-ch 76th"]
[Site "Altenkirchen"]
[Date "2005.02.24"]
[Round "7"]
[White "Hort, Vlastimil"]
[Black "Deglmann, Ludwig"]
[Result "1-0"]
[WhiteElo "2515"]
[BlackElo "2361"]
[Annotator "Roiz,M"]
[PlyCount "81"]
[EventDate "2005.02.18"]
[EventType "swiss"]
[EventRounds "9"]
[EventCountry "GER"]
[SourceTitle "CBM 106"]
[Source "ChessBase"]
[SourceDate "2005.06.06"]
[SourceVersion "1"]
[SourceVersionDate "2005.06.06"]
[SourceQuality "1"]

1. c4 f5 2. Nc3 Nf6 3. g3 g6 4. Bg2 Bg7 5. d4 O-O 6. Nh3 {A flexible way of
development. The knight will be delivered to f4 in order to put pressure on
e6-the main weakness of black in the Leningrad system.} d6 7. d5 c6 8. Nf4 e5 (
{Another theoretical continuation is:} 8... Qe8) 9. dxe6 Qe7 10. Qd2 $5 $146 {
A new continuation in the well-known position. White's idea is to force a
trade of queens,after which white may try to take advantage of preferable pawn
structure. As well,white prepares a standard plan of development: b2-b3 and
Bc1-b2(or even a3).} ({The main line here is:} 10. O-O Bxe6 11. Nxe6 Qxe6 12.
Bf4 (12. b3 {-->see comments to 0-1 Roghani,A-Dzhumaev,M/ WchT 5th Yerevan
2001 [Tyomkin]}) 12... Qxc4 13. Qxd6 Na6 14. Rfd1 Nh5 15. Be5 Bxe5 16. Qxe5
Rae8 17. Qd4 Qxd4 18. Rxd4 $14 {1/2-1/2 Hjartarson,J-Gurevich,M/Amsterdam 1991/
CBM 23 (22)}) 10... Bxe6 ({The alternative was:} 10... Na6 11. O-O Nc5 12. Rd1
Rd8 13. Rb1 Nxe6 14. b3 Nxf4 15. Qxf4 $14 {with some advantage of white due to
weakness of Pd6.}) 11. Qe3 Re8 12. Qxe6+ Qxe6 13. Nxe6 Rxe6 14. Bf4 $1 {
White should choose an accurate order of moves in order to consolidate his
position and to gain some advantage.} (14. O-O $6 {would be premature in view
of:} Nbd7 15. Bd2 Nb6 16. b3 d5 17. cxd5 Nfxd5 18. Nxd5 Nxd5 19. Rae1 Nc3 $11)
14... Na6 {That is a standard way of development in this system.} ({The other
possiblities also didn't promise black a full equality:} 14... Nh5 15. Bd2 Nd7
16. Rd1 Rae8 17. e3 $14) (14... Nbd7 15. Rd1 Nb6 16. b3 Nh5 17. Bd2 Rae8 18.
Bf3 Nf6 19. O-O $14) 15. Rd1 Bf8 {That looks too passively.} ({I would prefer:
} 15... Rd8 16. O-O Nc5 17. b4 Nfe4 18. Nxe4 Nxe4 19. e3 Bf6 20. h4 Kf7 21. Rd3
Ke7 22. Rc1 $14 {with a minimal advantage of white.}) 16. O-O Nc5 $14 {Black
has only one weakness and a very solid position. So,white needs a good
technical skills in order to convert a minimal advantage to a full point.} 17.
Rd2 Rae8 (17... Nfe4 18. Nxe4 Nxe4 19. Rc2 $14) 18. Rfd1 Nfe4 {Black forces an
additional exchange-usually that's good for a defending side.} 19. Nxe4 Nxe4
20. Rc2 a5 {Black prevents white from seizing a space by advancing his
queen-side pawns. Now b2-b4 will be connected with an additional
simplifications.} ({Possible would be also:} 20... g5 21. Be3 a6 22. Kf1 h6 $14
{and it's not easy for white to make progress.}) 21. Kf1 a4 {That advance
wasn't necessary at all.} ({A waiting strategy was still possible:} 21... Kf7
22. h4 Nc5 23. Rcd2 Rd8 $14) 22. Rd3 {White is trying to exploit some
vulnerablity of Pa4.} Nc5 {The knight leaves a good central square.} ({Maybe
better was:} 22... h6 $5 23. h4 Kf7 {with a defensible position. For instance,}
24. Bxe4 fxe4 25. Ra3 Ra8 26. b3 b5 27. cxb5 cxb5 $14) 23. Ra3 Bg7 {Now the
pressure on Pd6 is not that strong,so the black can activate his dark-squared
bishop,taking control of Pb2.} 24. Be3 {Now black has to do with a possible
threat of Bxc5,followed by Rxa4.} Kf7 25. Rd2 ({Premature would be:} 25. Bxc5
$6 dxc5 26. Rxa4 Rd6 $132) 25... Bf6 $6 {A strange decision-i don't see any
reason for sacrificing the pawn at this moment.} ({Black could keep a
defensible position after:} 25... Ra8 $142 26. b4 Ne4 27. Rc2 Ke7 $14) 26. Bf3
$6 {White is letting black to protect the pawn...} (26. Bxc5 $142 dxc5 27. Rxa4
$16) 26... h5 $2 {But black doesn't take his chance once again!} (26... Ra8
$142 27. b4 Nd7 28. Bd4 Ke7 $14) 27. Bxc5 dxc5 28. Rxa4 {Finally,white takes
the pawn. That endgame is quite hard for black,but there are bishops of
opposite color on the board,so he has some drawish chances.} Ke7 $2 {And that
is already a decisive mistake! Black has probably overlooked white's strong
30th move!} ({It was necessary to swap the rooks:} 28... Rd8 $142 29. Rxd8 Bxd8
30. Ra7 Re7 31. h4 Ke6 $16) 29. Ra7 Rb8 30. Rd3 $1 $18 {[%cal Gd3b3]
Transfering the rook to the queen-side. Black is completely helpless.} Bxb2 (
30... Rd6 31. Rb3 Kd8 32. Rbxb7 Rxb7 33. Rxb7 Rd1+ 34. Kg2 Rd2 35. Rb6 $18) 31.
Rb3 Bf6 32. a4 ({White is not satisfied with} 32. Rbxb7+ Rxb7 33. Rxb7+ Kd6 34.
a4 $18 {,although it was enough for winning the game.}) 32... Kd6 ({or} 32...
Rd6 33. a5 Rd1+ 34. Kg2 Kd6 35. Rbxb7 Rxb7 36. Rxb7 Ra1 (36... Rc1 37. a6 Rxc4
38. Rb6 Ra4 39. Rxc6+ Ke7 40. Bd5 $18) 37. Rb6 Rxa5 38. Rxc6+ Ke7 39. Bd5 $18)
33. a5 $1 {The most effective way-white breaks all black's queen-side pawns
without swapping the rooks.} ({However,good enough was also:} 33. Rbxb7 Rxb7
34. Rxb7 Bd8 35. Ra7 $18 {[%cal Ga4a5]}) 33... Re7 ({Hopeless would be also:} 
33... Ree8 34. a6 bxa6 35. Rd3+ Ke6 36. Bxc6 $18) 34. a6 bxa6 ({After} 34... b5
35. Rxe7 Bxe7 36. cxb5 {white's pawns decide the game:} c4 37. a7 Ra8 38. b6
cxb3 39. b7 b2 40. b8=Q+ $18) 35. Rd3+ Ke6 36. Rxa6 Rc7 (36... Kf7 37. Rxc6 {
[%csl Rc5]} Bd4 38. e3 $18) 37. Bxc6 Kf7 (37... Ke7 38. Bd5 $18 {[%cal Ga6e6]})
38. Rd6 Kg7 ({After} 38... Rf8 39. Bd5+ Kg7 40. h4 $1 {black is in zugzwang!} {
For instance,} Rcc8 (40... Re7 41. Rdc6 $18) 41. Rd7+ Kh6 42. e3 {(zungzwang
once again!)} Rfd8 43. Rxd8 Bxd8 44. Bf7 $18) 39. Be8 $1 ({As i mentioned in
the previous note,} 39. Bd5 Rf8 40. h4 $18 {was also winning.}) 39... Rb1+ ({
The rook's endgame after} 39... Rxe8 40. Rxf6 $18 {is completely hopeless for
black.}) 40. Kg2 Bc3 41. Bxg6 1-0

[Event "Reggio Emilia-A 9192 34th"]
[Site "Reggio Emilia"]
[Date "1992.??.??"]
[Round "8"]
[White "Khalifman, Alexander"]
[Black "Salov, Valery"]
[Result "0-1"]
[WhiteElo "2630"]
[BlackElo "2665"]
[Annotator "Salov,V"]
[PlyCount "122"]
[EventDate "1991.12.??"]
[EventType "tourn"]
[EventRounds "9"]
[EventCountry "ITA"]
[EventCategory "18"]
[SourceTitle "CBM 027"]
[Source "ChessBase"]
[SourceDate "1992.04.01"]
[SourceVersion "1"]
[SourceVersionDate "1992.04.01"]
[SourceQuality "1"]

1. d4 f5 2. g3 Nf6 3. Bg2 c6 4. c4 d6 5. d5 e5 6. dxe6 Bxe6 7. Nd2 {A similar
setup was used by Yasser Seirawan in Belgrade to beat Mikhail Gurevich} (7. Qc2
Na6 8. Nh3 g6 9. O-O Qe7 10. Nd2 Bg7 11. Rb1 O-O 12. b4 Rac8 13. a3 Nc7 14. Bb2
d5 $1 15. Nf4 Bf7 $10 {Portisch-Bareev, Moscow(GMA) 1990}) 7... g6 8. b3 {
Yasser's plan more or less coincided with Portisch's srategy in the above
mentioned game: Ra1-b1 and then b2-b4, gaining some space on the queenside.}
Bg7 9. Bb2 Na6 10. Nh3 O-O 11. O-O Qe7 $10 12. Qc2 Nc5 13. Rad1 a5 14. Rfe1
Nfe4 15. Nf4 Bxb2 16. Qxb2 g5 $2 {This impulsive move yields clear edge to
White} (16... Bf7 $1 17. Nd3 $10) 17. Nxe6 Qxe6 18. Nxe4 fxe4 19. Qd2 $1 $14 e3
(19... Qf6 20. Rf1 Rfd8 21. Qd4 Qe7 22. f4 $16) 20. fxe3 Rf6 21. Rf1 $1 Rxf1+
$2 (21... Rg6 22. Rf2 a4 23. b4 Ne4 (23... Nd7 $2 24. c5 $1 d5 25. e4 $1 $18)
24. Bxe4 Qxe4 25. Qc3 $14) 22. Rxf1 h6 23. e4 $1 Qe7 (23... Kg7 24. Rf5 $1 $16)
24. Qd4 Qe5 25. Rd1 Qxd4+ 26. Rxd4 Rd8 27. e5 Kf7 28. exd6 Ke6 29. Kf2 Rxd6 30.
Ke3 a4 $5 (30... Na6 31. Rxd6+ Kxd6 32. Kd4 Nb4 33. c5+ Ke7 34. a4 Nc2+ 35. Kc3
Ne3 36. Bh3 $18) 31. b4 Na6 32. Bh3+ Ke5 33. Re4+ Kf6 34. c5 $1 Rd1 35. Bc8 Rb1
36. a3 Nxb4 37. axb4 Rb3+ 38. Kf2 a3 39. Re6+ $4 (39. Be6 a2 40. Bxb3 a1=Q 41.
Bc2 Qh1 42. h4 $10) (39. b5 $1 cxb5 40. Re6+ Kf7 41. Rb6 $18 {Being pressed by
time Khalifman does not notice this simple manoeuvre and soon gets into
serious trouble.}) 39... Kf7 40. Rd6 a2 41. Be6+ Ke7 42. Bxb3 (42. Rd1 Rb1 43.
Bxa2 Rxd1 $19) 42... a1=Q 43. b5 cxb5 44. h3 $5 Qc3 45. Rd3 Qxc5+ 46. Kf1 h5 $1
{It's very important to prevent g3-g4} 47. Bd5 b6 48. Kg2 (48. Bf3 b4 49. Bxh5
Qc4) 48... b4 49. Kf1 Kf6 50. Kg2 Ke5 51. Bb3 Qc6+ 52. Kg1 Qe4 53. Kf2 Qh1 54.
Re3+ Kd4 55. Rd3+ Kc5 56. Be6 Qh2+ 57. Kf1 Qh1+ 58. Kf2 b5 59. g4 (59. Re3 Kd6
$19) 59... Qh2+ 60. Kf1 Qe5 $1 61. Bb3 hxg4 {White just loses another pawn
after 62.hg4 Qf4+ without any hope of creating a fortress.} 0-1

[Event "EU-Cup 16th"]
[Site "Neum"]
[Date "2000.09.29"]
[Round "6.3"]
[White "Marin, Mihail"]
[Black "Malaniuk, Vladimir P"]
[Result "1/2-1/2"]
[WhiteElo "2557"]
[BlackElo "2548"]
[Annotator "Schluricke,R"]
[PlyCount "36"]
[EventDate "2000.09.24"]
[EventType "team-swiss"]
[EventRounds "7"]
[EventCountry "BIH"]
[SourceTitle "EXT 2014"]
[Source "ChessBase"]
[SourceDate "2013.11.20"]
[SourceVersion "1"]
[SourceVersionDate "2013.11.20"]
[SourceQuality "1"]
[WhiteTeam "Bucharest RAT"]
[BlackTeam "Maykop"]
[WhiteTeamCountry "ROU"]
[BlackTeamCountry "RUS"]

1. c4 f5 2. g3 Nf6 3. Bg2 g6 4. Nc3 Bg7 5. d4 d6 6. d5 c6 7. Nh3 e5 8. dxe6
Bxe6 9. Qb3 Qc7 $5 (9... Qe7) 10. Bf4 Nbd7 11. Ng5 Bg8 12. O-O-O $146 (12. Rd1
Ne5 $2 (12... Bf8 13. O-O (13. Qa3 $5)) 13. Rxd6 $1 $18) 12... Bf8 $1 (12...
Ne5 $2 13. Rxd6 $1 $18) 13. Qa3 Ne5 14. c5 $1 Nc4 15. Qa4 Nd7 16. cxd6 Qb6 17.
Qc2 h6 18. Nh3 g5 1/2-1/2

[Event "AUT-chT 9697"]
[Site "Austria"]
[Date "1996.??.??"]
[Round "9"]
[White "Horvath, Jozsef"]
[Black "Schroll, Gerhard"]
[Result "0-1"]
[WhiteElo "2515"]
[BlackElo "2385"]
[Annotator "Schroll,G"]
[PlyCount "92"]
[EventDate "1996.??.??"]
[EventType "team"]
[EventRounds "11"]
[EventCountry "AUT"]
[SourceTitle "CBM 057 Extra"]
[Source "ChessBase"]
[SourceDate "1997.05.01"]
[SourceVersion "1"]
[SourceVersionDate "1997.05.01"]
[SourceQuality "1"]

1. d4 f5 2. g3 Nf6 3. Bg2 g6 4. Nh3 Bg7 5. c4 Nc6 $146 {Normal ist 0-0 6.Nc3
d6 7.d5 etc. mit weißem Systemvorteil.} 6. Nc3 d6 7. d5 Ne5 {8.Nf4 war eher zu
erwarten.} 8. f4 (8. Nf4 c6 9. b3 $13) 8... Nf7 (8... Nxc4 $4 9. Qa4+) (8...
Ned7 9. Ng5 {xe6}) 9. Nf2 O-O 10. O-O Bd7 11. Qb3 Qc8 {Wenn steht Weiß nur
minimal besser, dennoch lehnte der ungarische GM das Remisgebot ab.} (11... c5
$2 12. Qxb7 Rb8 13. Qa6 {mit weißem Mehrbauern.} (13. Qxa7 $2 Ra8 $10 14. Qb7
Rb8) 13... Rb4 14. b3 Ne4 15. Nfxe4 fxe4 16. Bd2) 12. Bd2 c5 13. Rfe1 Rb8 14.
a4 b6 15. h3 (15. a5 $6 bxa5 16. Qc2 Qc7 17. b3 {erlaubt notfalls das
Gegenopfer a4.}) 15... Re8 16. Kh2 a6 {Hier meinte Horvath, daß er seinen
Vorteil vergrößert hat. In der Tat hat der Gaul auf f7 weniger Perspektiven
als sein weißer Widerpart auf f2.} 17. Qc2 Qc7 (17... b5 18. axb5 axb5 19. cxb5
Bxb5 20. Nxb5 Rxb5 21. Bc3 $16 {kostet einen wichtigen Läufer}) 18. Bf3 {
/\g4-g5} e5 {Endlich, der richtige Zeitpunkt für den Befreiungsstoß ist
gekommen.} 19. dxe6 Bxe6 {Ein leider nötiger Tempoverlust, die Alternative war}
(19... Rxe6 $5 20. Nd5 Nxd5 21. Bxd5 Re7 22. e4 (22. Bc3 Bc6 23. Bxg7 Kxg7 24.
Qc3+ Kg8 25. e4 Bxd5 26. cxd5 Rbe8 27. Qf6 fxe4 28. Re3 c4 29. Rae1 Qc5 30. Ng4
Qxd5 31. Qc3 Re6 32. Rxe4 (32. Nf6+ Rxf6 33. Qxf6 Qf5 $13 {ist zwar elegant,
aber nicht zwingend.}) 32... Kf8) 22... fxe4 (22... Bc6 $5 23. Bxc6 Qxc6 24.
exf5 Rxe1 25. Rxe1 gxf5 26. Qxf5 $16) 23. Nxe4 Bf5 24. g4 Bxe4 {und ist auch
unerfreulich.}) 20. b3 Qd7 $2 {Leider! Der Schwarzspieler hat nicht gesehen
wie der befreiende Hebel durchzusetzen ist.} (20... Rbd8 $1 21. a5 $5 {
deswegen wurde der logische Zug Rbd8 verworfen.} b5 $1 (21... bxa5 $2 22. Nd5
Bxd5 (22... Nxd5 23. cxd5) (22... Qc8 23. Bxa5) 23. Bxa5) (21... d5 $2 22. axb6
Qxb6 23. Na4 Qc7 24. cxd5 Nxd5 25. Rac1 $18) 22. cxb5 axb5 23. Nxb5 Qb8 24. Nc3
Bxb3 {Mit saftigem schwarzen Gegenspiel. Diese Stellung wurde in der Partie
falsch eingeschätzt. Nach d5 und ev. c4 um den Bb3 zu decken, wird der lahme
Zosse auf f7 über d6 aktiviert.}) (20... Re7 $5 {/\ Rbe8 oder Rd7 war ev. auch
noch spielbar. Auf a5 muß b5 möglich sein.}) 21. Rad1 {nun ist zwar die
"Drohung" a5 nicht mehr existent, doch auf der Diagonalen a1- h8 taucht eine
viel größere Gefahr auf.} Rbd8 22. Bc1 Qc8 23. Bb2 Bd7 {Schwarz muß
gleichfalls die Diagonale zu neutralisieren versuchen.} 24. Nd5 Nxd5 25. Bxd5
Bc6 (25... Bxb2 26. Qxb2 Bc6 27. e4 Bxd5 28. Rxd5 Re7 {Trotz mangelnder
Überdeckung von Re1 durch die Dame, war diese Alternative auch unerfreulich.}
29. g4 Rde8 $2 30. gxf5 $18) 26. Bxg7 Kxg7 27. g4 $6 {Die knappe Bedenkzeit
macht sich bemerkbar. Brauchbar war z.B:} (27. Qc3+ Kf8 28. e4 Bxd5 29. Rxd5
Qe6 30. g4 {und es ist sehr unwahrscheinlich, daß sich Schwarz halten kann.}) (
27. e4 Bxd5 28. Rxd5 Qe6 29. g4 {ebenfalls wahrscheinlich+-}) 27... Bxd5 28.
Rxd5 Nh6 {ein Notzug, allerdings mit Ideen.} 29. Rg1 $2 (29. g5 Nf7 (29... Ng8
$2 30. Qc3+ Kf7 (30... Kf8 31. e4 $18 {xd6}) 31. Qh8)) 29... fxg4 30. hxg4 Re3
31. g5 Nf5 32. Ng4 Rde8 {Diese Keule hatte der Ungar in Zeitknappheit
vermutlich unterschätzt.} 33. Qb2+ (33. Nxe3 {war besser.} Nxe3 $2 (33... Rxe3
34. Rg2 $1 Nd4 35. Qd2 Qh3+ 36. Kg1 Rxe2 37. Rxe2 Nf3+ 38. Kf2 Nxd2 39. Rdxd2 {
Mit Remisausgang. Schwarz muß dauernde Belästigung des weißen Königs anstreben}
) 34. Qb2+) 33... Nd4 $3 34. Nxe3 (34. Rxd4 Rxe2+) (34. Rg2 Rxe2) 34... Rxe3 {
droht Qh3#.} 35. Rg2 $8 Qh3+ 36. Kg1 Rxb3 37. Qd2 {hat im Vergleich zur oben
angeführten Remisvariante einen Bauern und ein Tempo weniger.} Qh4 $1 (37...
Rb1+ 38. Kf2 Qh4+ 39. Rg3 Qh2+ (39... Rh1 40. Rxd4 $10 Qh2+ 41. Rg2 Qh4+ 42.
Kf3 Rh3+ 43. Ke4) 40. Rg2 $10) 38. Rxd4 $8 (38. Rh2 Qg3+ 39. Rg2 Rb1+) (38. Rf2
Rb1+ 39. Kg2 (39. Rf1 Qg3+ 40. Kh1 Rxf1#) 39... Qh1+ 40. Kg3 Rg1+ 41. Rg2 Rxg2#
) 38... Rb1+ 39. Qd1 Rxd1+ 40. Rxd1 Qxf4 41. Rb1 {nun ist ein sehr schwieriges
Endspiel entstanden.} Qxc4 42. Rxb6 Qd4+ 43. Rf2 Qd5 $1 {Der Pg5 muß unbedingt
beseitigt werden, um die Remisschaukel auf der 7. und 8. Reihe zu vermeiden.
Allerdings schafft sich Weiß nun einen gefährlichen Frei- bauern auf der
a-Linie, Pg6,h7 dienen vorerst nur der Deckung des Monarchen.} 44. Rxa6 Qxg5+
45. Kf1 Qe7 $3 {Nicht nur der Turm auch die Dame gehört bisweilen hinter den
Freibauern. Durch diesen Mehrzweckzug wird nicht nur die 7. Reihe gedeckt,
auch der c-Bauer wird mobilisiert, und der Turm in seinem Käfig c6-b6-a5-a8
beäugt.} 46. a5 $4 {Ein schrecklicher Bock.} (46. Rf3 Qc7 {Der schwarze Plan
besteht darin den c-Bauern mit Unterstützung vorzuziehen,  und die
disharmonische Turmstellung auszunutzen. Horvath meint, daß die Stellung ca
20% praktische Remischancen ergibt.} (46... d5 $6 47. a5 Qb7 48. Rd6 d4 49. a6
{Der weiße Plan besteht darin, den a-Bauern für den c- oder d-Bauern zu geben 
und den verbliebenen Bauern mit beiden Türmen abzuholen, um das Remis zu
sichern.}) 47. Rc3 c4 {usw.} (47... d5 48. a5 d4 49. Rc4 $4 Qf7+)) 46... Qb7 {
Nun droht Matt und Turmverlust gleichzeitig! Nach Tf3[] wäre die Lage nicht so
klar. Eine ausführliche Analyse würde den Rahmen des Kommentars sprengen. 0-1
Horvath,J-Schroll/Stl-A (9) 1997} 0-1

[Event "Barcelona"]
[Site "Barcelona"]
[Date "1992.05.??"]
[Round "2"]
[White "Dorfman, Josif D"]
[Black "Ochoa de Echaguen, Francisco Javier"]
[Result "1/2-1/2"]
[WhiteElo "2605"]
[BlackElo "2410"]
[Annotator "Schussler,H"]
[PlyCount "124"]
[EventDate "1992.05.??"]
[EventType "tourn"]
[EventRounds "11"]
[EventCountry "ESP"]
[EventCategory "13"]
[SourceTitle "CBM 030"]
[Source "ChessBase"]
[SourceDate "1992.10.01"]
[SourceVersion "1"]
[SourceVersionDate "1992.10.01"]
[SourceQuality "1"]

1. d4 f5 2. g3 Nf6 3. Bg2 g6 4. Nh3 Bg7 5. Nf4 d6 6. d5 (6. Nc3 Nc6 {6. - c6 7.
e4!?} 7. d5 Ne5 8. h4 c5 9. h5 gxh5 10. e4 $14 {Rodriguez,Or-Ochoa De Echaguen,
F, CBM 30 game 148.}) 6... c6 7. c4 {7.Nc3 e5} e5 8. dxe6 Qe7 9. O-O Na6 10.
Nd2 Nc5 11. b4 Nxe6 12. Nxe6 Bxe6 13. Bb2 O-O 14. b5 d5 15. bxc6 bxc6 16. cxd5
Bxd5 17. Bxd5+ Nxd5 18. Bxg7 Kxg7 19. Qc2 $14 Nf6 20. Nb3 Rac8 21. Nc5 Rfe8 22.
e3 Ne4 23. Nxe4 Qxe4 24. Qc5 Qe7 25. Qd4+ Kg8 26. Rfc1 Red8 27. Qa4 c5 28. Rc4
Rd2 29. Rac1 Rd5 30. e4 Re5 31. exf5 Rxf5 32. Qc2 Re5 33. Qc3 Rf5 34. Qa3 Rcf8
35. R4c2 Rc8 36. Qa6 Rc7 37. Re2 Qd7 38. Rce1 Rf7 39. Re4 Qd5 40. Qe2 Rf8 41.
Rd1 Qf7 42. Rf4 Qe8 43. Qc4+ Kg7 44. Qc3+ Kg8 45. Re1 Re7 46. Qc4+ Kg7 47.
Rxe7+ Qxe7 48. Re4 Qd6 49. Qc3+ Kg8 50. h4 Rf5 $10 51. Re8+ Rf8 52. Re1 Rf5 53.
Qb3+ Kg7 54. Rd1 Qe7 55. Qb5 Rf7 56. a4 Qe5 57. Qc4 h5 58. Rc1 Qd4 59. Qxc5
Qxa4 60. Qe5+ Kh7 61. Qb2 Qd7 62. Qa2 Re7 1/2-1/2

[Event "Munich SKA"]
[Site "Munich"]
[Date "1991.05.10"]
[Round "6"]
[White "Huebner, Robert"]
[Black "Polgar, Zsuzsa"]
[Result "1-0"]
[WhiteElo "2620"]
[BlackElo "2510"]
[Annotator "Schussler,H"]
[PlyCount "69"]
[EventDate "1991.05.04"]
[EventType "tourn"]
[EventRounds "13"]
[EventCountry "GER"]
[EventCategory "14"]
[SourceTitle "CBM 023"]
[Source "ChessBase"]
[SourceDate "1991.08.01"]
[SourceVersion "1"]
[SourceVersionDate "1991.08.01"]
[SourceQuality "1"]

1. c4 f5 2. d4 Nf6 3. g3 g6 4. Bg2 Bg7 5. Nc3 O-O 6. Nh3 Nc6 {Michail
Gurevich`s plan 6. - d6 7.d5 e5 seems to be a more solid solution to Black`s
opening-problems.} 7. Nf4 d6 8. d5 Ne5 9. Qb3 c5 10. Bd2 Rb8 11. h4 h6 12. a4
a6 13. Rb1 Bd7 14. Qa2 b5 15. axb5 axb5 16. cxb5 Ra8 17. Qb3 Qa5 18. O-O Rfb8
19. Qc2 Bxb5 20. Nxb5 Qxb5 21. Bc3 $14 Nfg4 22. Ne6 Qb3 23. Qc1 (23. Qxb3 Rxb3
24. Nxg7 Kxg7 25. f4) 23... Nf6 24. Nxc5 Qb5 25. Ne6 Qxe2 26. Nxg7 Kxg7 27. Re1
Qa6 28. Bxe5 dxe5 29. Rxe5 Ra7 30. Qe3 $18 Kf7 31. Re1 Ng8 32. d6 exd6 33. Re8
Rxe8 34. Qxe8+ Kg7 35. Bd5 1-0